Retour en URSS combler les besions de la population dans une économie planifiée
Sparad:
| Materialtyp: | Bok |
|---|---|
| Språk: | Undetermined |
| Publicerad: |
Les Éditions Duval
1994
|
| Taggar: |
Lägg till en tagg
Inga taggar, Lägg till första taggen!
|
| Thư viện lưu trữ: | Trung tâm Học liệu Trường Đại học Cần Thơ |
|---|
| LEADER | 00433nam a2200133Ia 4500 | ||
|---|---|---|---|
| 001 | CTU_156201 | ||
| 008 | 210402s9999 xx 000 0 und d | ||
| 082 | |a 330.947 | ||
| 082 | |b K94 | ||
| 245 | 0 | |a Retour en URSS combler les besions de la population dans une économie planifiée | |
| 245 | 0 | |c Achim K. Krull, Murray Shukyn | |
| 260 | |b Les Éditions Duval | ||
| 260 | |c 1994 | ||
| 980 | |a Trung tâm Học liệu Trường Đại học Cần Thơ | ||